000 00462nam a2200181Ia 4500
003 LK-CoDNM
008 010623t2008 xxu||||| |||| 00| 1 sin d
040 _aLK-CoDNM
_dLK-CoDNM
_eLK-CoDNM
041 _asin
080 _a27 WIJ
100 _aWijayasinghe,Francis.
245 _aපෙතෘස්ගෙන් ඔබට
246 _aPethrusgen Obata
260 _bPragna
_aColombo
_c2008
300 _b137p., 21 cm
650 _aChristianity
942 _cBK
999 _c127842
_d127842